| Record ID | marc_records_scriblio_net/part18.dat:150990180:1048 |
| Source | Scriblio |
| Download Link | /show-records/marc_records_scriblio_net/part18.dat:150990180:1048?format=raw |
LEADER: 01048pam 2200289 a 4500
001 86009599
003 DLC
005 20031231181928.0
008 860404s1987 enka b 001 0 eng
010 $a 86009599
020 $a0521249473
040 $aDLC$cDLC$dDLC
050 00 $aQC176.8.E4$bR67 1987
082 00 $a620.1/697$219
100 1 $aRossiter, Paul L.
245 14 $aThe electrical resistivity of metals and alloys /$cPaul L. Rossiter.
260 $aCambridge [Cambridgeshire] ;$aNew York :$bCambridge University Press,$c1987.
300 $axvi, 434 p. :$bill. ;$c23 cm.
440 0 $aCambridge solid state science series
504 $aBibliography: p. [399]-420.
500 $aIncludes index.
650 0 $aFree electron theory of metals.
650 0 $aMetals$xElectric properties.
650 0 $aAlloys$xElectric properties.
650 0 $aElectric resistance.
856 41 $3Table of contents$uhttp://www.loc.gov/catdir/toc/cam041/86009599.html
856 42 $3Publisher description$uhttp://www.loc.gov/catdir/description/cam031/86009599.html